Leadership 101 / (Registro nro. 323083)
[ vista simple ]
| 000 -ENCABEZADO | |
|---|---|
| Número de control [NR] | 01111nam a22002177a 4500 |
| 005 - FECHA Y HORA DE LA ÚLTIMA TRANSACCIÓN | |
| control field | 20260119142751.0 |
| 008 - DE LONGITUD FIJA DE DATOS DE ELEMENTOS - INFORMACIÓN GENERAL | |
| Elementos de longitud fija [NR] | 230825b ||||| |||| 00| 0 eng d |
| 020 ## - NUMERO INTERNACIONAL NORMALIZADO PARA LIBROS [R] | |
| Número Internacional Normalizado del libro [NR] | 9780826111340 |
| 040 ## - FUENTE DE CATALOGACION [NR] | |
| Agencia de catalogación original [NR] | CO-BoUCM |
| Quien Cataloga | David Moreno |
| Quien Clasifica | David Moreno |
| 041 ## - CODIGO DE IDIOMA [R] | |
| Código de idioma para texto/pista de sonido o título separado [R] | Inglés |
| 245 10 - MENCION DE TITULO [NR] | |
| Título [NR] | Leadership 101 / |
| Mención de responsabilidad, etc. [NR] | Michael D. Mumford |
| 260 ## - PUBLICACION, DISTRIBUCION, ETC. (PIE DE IMPRENTA) [R] | |
| Lugar de publicación, distribución, etc. [R] | New York, NY |
| Nombre del editor, distribuidor, etc. [R] | Springer Pub |
| Fecha de publicación, distribución, etc. [R] | 2010 |
| 300 ## - DESCRIPCION FISICA [R] | |
| Extensión [R] | xvii, 282 Paginas |
| 490 ## - MENCION DE SERIE [R] | |
| Mención de serie [R] | The Psych 101 series |
| 504 ## - NOTA DE BIBLIOGRAFIA, ETC. [R] | |
| Nota de bibliografía, etc. [NR] | Incluye referencias bibliográficas e índices |
| 505 ## - NOTA DE CONTENIDO CON FORMATO PREESTABLECIDO [R] | |
| Mención de responsabilidad [R] | The history of leadership research / Tamara L. Friedrich -- Perspectives on leadership research / Jay J. Caughron -- Methods in leadership research / Alison L. Antes -- Leader traits, skills, and behaviors / Cheryl K. Beeler -- Followers and situational factors / Jamie D. Barrett -- How leaders think / Cristina L. Byrne -- Outstanding leadership / William B. Vessey -- Future directions / Amanda S. Shipman. |
| 650 17 - ASIENTO SECUNDARIO DE MATERIA - TERMINO TEMATICO [R] | |
| Término temático o nombre geográfico como elemento de entrada [NR] | Liderazgo |
| Subdivisión general [R] | Investigación |
| 9 (RLIN) | 178595 |
| 700 1# - ASIENTO SECUNDARIO - NOMBRE PERSONAL [R] | |
| Nombre personal [NR] | Mumford, Michael D. |
| 9 (RLIN) | 178596 |
| 942 ## - ELEMENTOS DE ENTRADA AGREGADOS (KOHA) | |
| Sistema de clasificación | DEWEY |
| Tema principal | Administración |
| Tipo de ítem principal el descrito en 300a | Libro |
| Edición | 1 |
| Clasificación | 658.4092 |
| Parte restante de la signatura top. | M962p |
| Título oculto en OPAC | No |
| Signatura topográfica | Código de barras | Última vez visto | Ejemplar | Price effective from | Tipo de ítem | Perdido | Sistema de clasificación | Dañado | No prestable | Tipo de ítem específico | Suprimido | Ubicación habitual | Ubicación actual | Localización | Fecha de creación | Forma de adquisición | Costo |
|---|---|---|---|---|---|---|---|---|---|---|---|---|---|---|---|---|---|
| 658.4092 M962p | 100171836 | 10/12/2025 | Ej.1 | 25/08/2023 | Libro | DEWEY | Libro | Sede del emprendimiento y la innovación | Sede del Emprendimiento, Innovación y Creación | 1er piso | 25/08/2023 | Compra | 201552.00 |